00325nam a2200121Ia 4500008004100000041000800041082001400049100001800063245004500081260004200126300002600168365000900194240624s9999 xx 000 0 und d aeng a659.2 SCO aSCOBLE ROBERT aNAKED CONVERSATIONS HOW BLOGS ARE CHANGI c2006aNew JerseybJohn Wiley and Sons ax, : 251p. : cm. ; 23 cb27